00212 a2200085 4500020001600000100001000016245003900026260004700065300001400112 a99636356352 aYasma aHithugai jahaa konme vindheh gai 2 aMale Maldivesb Dhagatha Publishers c2015 a377 pages